<?xml version="1.0" encoding="UTF-8"?>
<record
    xmlns:xsi="http://www.w3.org/2001/XMLSchema-instance"
    xsi:schemaLocation="http://www.loc.gov/MARC21/slim http://www.loc.gov/standards/marcxml/schema/MARC21slim.xsd"
    xmlns="http://www.loc.gov/MARC21/slim">

  <leader>01737nam a22001337a 4500</leader>
  <datafield tag="999" ind1=" " ind2=" ">
    <subfield code="c">528718</subfield>
    <subfield code="d">528718</subfield>
  </datafield>
  <controlfield tag="008">250106b           ||||| |||| 00| 0 eng d</controlfield>
  <datafield tag="100" ind1=" " ind2=" ">
    <subfield code="a">Sharma, Vinayak </subfield>
    <subfield code="9">49719</subfield>
  </datafield>
  <datafield tag="245" ind1=" " ind2=" ">
    <subfield code="a">Enhancing india&#x2019;s soft power: A strategic imperative</subfield>
  </datafield>
  <datafield tag="260" ind1=" " ind2=" ">
    <subfield code="a">U.S.I. Journal: Indian&#x2019;s Oldest Journal on Defence Affairs </subfield>
  </datafield>
  <datafield tag="300" ind1=" " ind2=" ">
    <subfield code="a">154(637), Jul-Sep, 2024: p.395-408</subfield>
  </datafield>
  <datafield tag="520" ind1=" " ind2=" ">
    <subfield code="a">Soft power projection, much like artificial intelligence, has become one of the most important elements of Comprehensive National Power (CNP). Countries have begun investing heavily in enhancing their soft power projection to bolster their CNP. Nations such as the United States and the rest of the &#x2018;Westosphere&#x2019; already have institutionalised mechanisms in place that are used with ruthless efficiency, as seen with the onset of Russia&#x2019;s special operation in Ukraine, to disseminate their message to the masses. At the same time, middle powers such as India have begun to recognise the benefits of having similar institutions. While India is taking steps to improve the projection of soft power, there are myriad lessons which it can learn from the already affluent in this regard. Therefore, this article is written with a view to provide a contour of the United States&#x2019; use of Hollywood in influencing both local and global populations since the Second World War and China&#x2019;s use of its diasporas and economic heft to engineer social conditioning. Furthermore, the article concludes with certain suggestions which can be used to institutionalise the soft power projection mechanism of India.- Reproduced 


https://www.usiofindia.org/pdf/20241129145910.pdf
</subfield>
  </datafield>
  <datafield tag="773" ind1=" " ind2=" ">
    <subfield code="a">U.S.I. Journal: Indian&#x2019;s Oldest Journal on Defence Affairs </subfield>
  </datafield>
  <datafield tag="942" ind1=" " ind2=" ">
    <subfield code="c">AR</subfield>
  </datafield>
  <datafield tag="952" ind1=" " ind2=" ">
    <subfield code="0">0</subfield>
    <subfield code="1">0</subfield>
    <subfield code="2">ddc</subfield>
    <subfield code="4">0</subfield>
    <subfield code="7">0</subfield>
    <subfield code="9">403811</subfield>
    <subfield code="a">IIPA</subfield>
    <subfield code="b">IIPA</subfield>
    <subfield code="d">2025-01-06</subfield>
    <subfield code="h">154(637), Jul-Sep, 2024: p.395-408</subfield>
    <subfield code="p">AR134912</subfield>
    <subfield code="r">2025-01-06</subfield>
    <subfield code="y">AR</subfield>
  </datafield>
</record>
